<?xml version="1.0" encoding="UTF-8"?>
<record
    xmlns:xsi="http://www.w3.org/2001/XMLSchema-instance"
    xsi:schemaLocation="http://www.loc.gov/MARC21/slim http://www.loc.gov/standards/marcxml/schema/MARC21slim.xsd"
    xmlns="http://www.loc.gov/MARC21/slim">

  <leader>02631nam a2200361Ia 4500</leader>
  <controlfield tag="001">113582</controlfield>
  <controlfield tag="003">DR-UNIBE</controlfield>
  <controlfield tag="005">20250509092232.0</controlfield>
  <controlfield tag="008">250508b2011    dr ||||| |||| 00| 0 spa d</controlfield>
  <datafield tag="020" ind1=" " ind2=" ">
    <subfield code="a">9789945140859</subfield>
  </datafield>
  <datafield tag="040" ind1=" " ind2=" ">
    <subfield code="a">BIBLIOTECA UNIBE</subfield>
    <subfield code="c">BIBLIOTECA UNIBE</subfield>
    <subfield code="b">spa</subfield>
  </datafield>
  <datafield tag="041" ind1=" " ind2=" ">
    <subfield code="a">spa</subfield>
  </datafield>
  <datafield tag="082" ind1="0" ind2=" ">
    <subfield code="a">RD 345.729305 O77c 2011</subfield>
  </datafield>
  <datafield tag="100" ind1="1" ind2="0">
    <subfield code="a">Ortega Polanco, Francisco Antonio,</subfield>
    <subfield code="d">1969-</subfield>
    <subfield code="9">21041</subfield>
    <subfield code="e">autor</subfield>
  </datafield>
  <datafield tag="245" ind1="1" ind2="0">
    <subfield code="a">C&#xF3;digo procesal penal : </subfield>
    <subfield code="b">por un juez en ejercicio / </subfield>
    <subfield code="c">Francisco Ortega Polanco</subfield>
  </datafield>
  <datafield tag="250" ind1=" " ind2=" ">
    <subfield code="a">Segunda edici&#xF3;n</subfield>
  </datafield>
  <datafield tag="260" ind1="4" ind2=" ">
    <subfield code="a">Santo Domingo : </subfield>
    <subfield code="b">[Editor no identificado],</subfield>
    <subfield code="c">2011</subfield>
  </datafield>
  <datafield tag="300" ind1=" " ind2=" ">
    <subfield code="a">590 p&#xE1;ginas ;</subfield>
    <subfield code="c">26 cm</subfield>
  </datafield>
  <datafield tag="504" ind1=" " ind2=" ">
    <subfield code="a">Incluye referencias bibliogr&#xE1;ficas (p&#xE1;ginas: 509-514) e &#xED;ndice</subfield>
  </datafield>
  <datafield tag="505" ind1="0" ind2=" ">
    <subfield code="a">Prefacio |
Presentaci&#xF3;n |
Cap&#xED;tulo 1. Primac&#xED;a de la Constituci&#xF3;n y los tratados |
Cap&#xED;tulo 2. Soluci&#xF3;n del conflicto |
Cap&#xED;tulo 3. Juicio previo |
Cap&#xED;tulo 4. Juez natural |
Cap&#xED;tulo 5. Imparcialidad e independencia |
Cap&#xED;tulo 6. Participaci&#xF3;n de la ciudadan&#xED;a |
Cap&#xED;tulo 7. Legalidad del proceso |
Cap&#xED;tulo 8. Plazo razonable |
Cap&#xED;tulo 9. &#xDA;nica persecuci&#xF3;n |
Cap&#xED;tulo 10. Dignidad de la persona |
Cap&#xED;tulo 11. Igualdad ante la ley |
Cap&#xED;tulo 12. Igualdad entre las partes |
Cap&#xED;tulo 13. No auto incriminaci&#xF3;n |
Cap&#xED;tulo 14. Presunci&#xF3;n de inocencia |
Cap&#xED;tulo 15. Estatuto de libertad |
Cap&#xED;tulo 16. L&#xED;mite razonable de la prisi&#xF3;n preventiva |
Cap&#xED;tulo 17. Personalidad de la persecuci&#xF3;n |
Cap&#xED;tulo 18. Derecho de defensa |
Cap&#xED;tulo 19. Formulaci&#xF3;n precisa de cargos |
Cap&#xED;tulo 20. Derecho a indemnizaci&#xF3;n |
Cap&#xED;tulo 21. Derecho a recurrir |
Cap&#xED;tulo 22. Separaci&#xF3;n de funciones |
Cap&#xED;tulo 23. Obligaci&#xF3;n de decidir |
Cap&#xED;tulo 24. Motivaci&#xF3;n de las decisiones |
Cap&#xED;tulo 25. Interpretaci&#xF3;n |
Cap&#xED;tulo 26. Legalidad de la prueba |
Cap&#xED;tulo 27. Derechos de la v&#xED;ctima |
Cap&#xED;tulo 28. Ejecuci&#xF3;n de la pena |
Principales siglas utilizadas |
Bibliograf&#xED;a |
Resumen tem&#xE1;tico alfab&#xE9;tico
</subfield>
  </datafield>
  <datafield tag="650" ind1=" " ind2="7">
    <subfield code="a">Procedimiento penal</subfield>
    <subfield code="2">lemb</subfield>
    <subfield code="z">Rep&#xFA;blica Dominicana</subfield>
    <subfield code="9">15663</subfield>
  </datafield>
  <datafield tag="650" ind1=" " ind2="7">
    <subfield code="a">Soluci&#xF3;n de conflictos</subfield>
    <subfield code="9">98137</subfield>
    <subfield code="2">lemb</subfield>
  </datafield>
  <datafield tag="650" ind1=" " ind2="7">
    <subfield code="a">Jueces</subfield>
    <subfield code="9">98138</subfield>
    <subfield code="2">lemb</subfield>
  </datafield>
  <datafield tag="650" ind1=" " ind2="7">
    <subfield code="a">Administraci&#xF3;n de justicia penal</subfield>
    <subfield code="9">98139</subfield>
    <subfield code="2">lemb</subfield>
  </datafield>
  <datafield tag="650" ind1=" " ind2="7">
    <subfield code="a">Procesos (Derechos)</subfield>
    <subfield code="9">11259</subfield>
    <subfield code="2">lemb</subfield>
  </datafield>
  <datafield tag="650" ind1=" " ind2="7">
    <subfield code="a">Igualdad ante la ley</subfield>
    <subfield code="9">98140</subfield>
    <subfield code="2">lemb</subfield>
  </datafield>
  <datafield tag="650" ind1=" " ind2="7">
    <subfield code="a">Derecho penal</subfield>
  </datafield>
  <datafield tag="700" ind1="1" ind2=" ">
    <subfield code="a">Hern&#xE1;ndez Maj&#xED;a, Edgar</subfield>
    <subfield code="e">revisi&#xF3;n de contenido</subfield>
    <subfield code="e">presentaci&#xF3;n</subfield>
    <subfield code="9">195116</subfield>
  </datafield>
  <datafield tag="700" ind1="1" ind2=" ">
    <subfield code="a">Febles, Miguel</subfield>
    <subfield code="e">revisi&#xF3;n de estilo</subfield>
    <subfield code="9">182374</subfield>
  </datafield>
  <datafield tag="700" ind1="1" ind2=" ">
    <subfield code="a">Grull&#xF3;n Lara, Mar&#xED;a Cristina</subfield>
    <subfield code="e">cuidado de edici&#xF3;n</subfield>
    <subfield code="9">195117</subfield>
  </datafield>
  <datafield tag="942" ind1=" " ind2=" ">
    <subfield code="c">BK</subfield>
    <subfield code="2">ddc</subfield>
  </datafield>
  <datafield tag="951" ind1=" " ind2=" ">
    <subfield code="a">20061022 10:18:00</subfield>
  </datafield>
  <datafield tag="999" ind1=" " ind2=" ">
    <subfield code="c">113582</subfield>
    <subfield code="d">113582</subfield>
  </datafield>
  <datafield tag="952" ind1=" " ind2=" ">
    <subfield code="0">0</subfield>
    <subfield code="1">0</subfield>
    <subfield code="2">ddc</subfield>
    <subfield code="7">0</subfield>
    <subfield code="8">GEN-RD</subfield>
    <subfield code="a">Principal</subfield>
    <subfield code="d">2025-03-08</subfield>
    <subfield code="l">0</subfield>
    <subfield code="o">RD 345.729305 O77c 2011</subfield>
    <subfield code="p">250554</subfield>
    <subfield code="r">2025-05-08 15:29:50</subfield>
    <subfield code="t">Ej. 1</subfield>
    <subfield code="w">2025-05-08</subfield>
    <subfield code="y">BK</subfield>
  </datafield>
</record>
